000 00552nam a22001457a 4500
020 _a0-00-714469-5
082 _a823
_bCAT/CO
100 _aJUDY KATSCHKE
245 _aMARY-KATE AND ASHLEY
_bTWO OF A KIND
260 _aUNITED KINGDOM
_bHARPER COLLINS PUBLICATIONS
_c2000
300 _a100
520 _aMary-Kate and Ashley find out that the kids in the club have a huge secret - one that could get them into very big trouble! Adapted by Judy Katschke.From the series created by Robert Griffard and Howard Adler.
650 _aTHE COOL CLUB
942 _cBK
999 _c460
_d460